CuBr laser excited by a capacitively coupled longitudinal discharge; IEEE Journal of Quantum Electronics; Vol. 45, iss. 2
| Parent link: | IEEE Journal of Quantum Electronics.— , 2009 Vol. 45, iss. 2.— 2009.— P. 171-177 |
|---|---|
| Άλλοι συγγραφείς: | , , , , |
| Περίληψη: | The paper presents the study of the CuBr laser energy characteristics using capacitively coupled discharge excitation. We have studied the effect of the addition of HBr on laser performance for gas discharge tubes of different bore diameter at various input power conditions. When adding HBr pulse and average output power as well as laser efficiency more than double increase due to the shortening of the current pulse rising time and its duration. The total maximum average lasing power of 3.7 W was obtained at 0.27% efficiency. In the paper, we also notice that when adding admixtures capacitively coupled discharge pumping is superior to traditional glow discharge pumping. В фонде НТБ ТПУ отсутствует |
| Γλώσσα: | Αγγλικά |
| Έκδοση: |
2009
|
| Θέματα: | |
| Μορφή: | Κεφάλαιο βιβλίου |
| KOHA link: | https://koha.lib.tpu.ru/cgi-bin/koha/opac-detail.pl?biblionumber=598499 |
MARC
| LEADER | 00000naa0a2200000 4500 | ||
|---|---|---|---|
| 001 | 598499 | ||
| 005 | 20250325110353.0 | ||
| 035 | |a (RuTPU)RU\TPU\tpu\22148 | ||
| 090 | |a 598499 | ||
| 100 | |a 20121204d2009 k||y0rusy50 ba | ||
| 101 | 0 | |a eng | |
| 102 | |a US | ||
| 200 | 1 | |a CuBr laser excited by a capacitively coupled longitudinal discharge |f F. A. Gubarev [et al.] | |
| 330 | |a The paper presents the study of the CuBr laser energy characteristics using capacitively coupled discharge excitation. We have studied the effect of the addition of HBr on laser performance for gas discharge tubes of different bore diameter at various input power conditions. When adding HBr pulse and average output power as well as laser efficiency more than double increase due to the shortening of the current pulse rising time and its duration. The total maximum average lasing power of 3.7 W was obtained at 0.27% efficiency. In the paper, we also notice that when adding admixtures capacitively coupled discharge pumping is superior to traditional glow discharge pumping. | ||
| 333 | |a В фонде НТБ ТПУ отсутствует | ||
| 461 | |t IEEE Journal of Quantum Electronics |d 2009 | ||
| 463 | |t Vol. 45, iss. 2 |v P. 171-177 |d 2009 | ||
| 610 | 1 | |a труды учёных ТПУ | |
| 701 | 1 | |a Gubarev |b F. A. |c specialist in the field of electronics |c Associate Professor of Tomsk Polytechnic University, Candidate of physical and mathematical sciences |f 1979- |g Fedor Aleksandrovich |3 (RuTPU)RU\TPU\pers\31657 |9 15794 | |
| 701 | 1 | |a Sukhanov |b V. B. |c specialist in the field of electronics |c Engineer of Tomsk Polytechnic University |f 1945- |g Viktor Borisovich |3 (RuTPU)RU\TPU\pers\31658 | |
| 701 | 1 | |a Evtushenko |b G. S. |c Doctor of Technical Sciences, Professor of Tomsk Polytechnic University (TPU) |c Russian specialist in electrophysics |f 1947- |g Gennady Sergeevich |3 (RuTPU)RU\TPU\pers\29009 |9 13729 | |
| 701 | 1 | |a Fedorov |b V. F. | |
| 701 | 1 | |a Shiyanov |b D. V. |c specialist in the field of electronics |c Engineer of Tomsk Polytechnic University |f 1973- |g Dmitry Valeryevich |3 (RuTPU)RU\TPU\pers\31659 | |
| 801 | 1 | |a RU |b 63413507 |c 20121204 | |
| 801 | 2 | |a RU |b 63413507 |c 20140424 |g RCR | |
| 942 | |c CR | ||